Public policy <a> new introduction

Uložené v:
Podrobná bibliografia
Hlavný autor: Knill, Christoph
Ďalší autori: Tosun, Jale
Médium: Kniha
Jazyk:English
Vydavateľské údaje: Basingstoke Palgrave Macmillan 2012
Predmet:
Tagy: Pridať tag
Žiadne tagy, Buďte prvý, kto otaguje tento záznam!

MARC

LEADER 00000nam a2200000 4500
001 0186385
005 20240312115941.2
020 |a 978-0-230-27839-4 
020 |a 978-0-230-27838-7 
041 0 |a eng 
044 |a GB 
245 1 0 |a Public policy  |b <a> new introduction  |c Christoph Knill and Jale Tosun 
264 1 |a Basingstoke  |b Palgrave Macmillan  |c 2012 
300 |a 363 s. 
610 2 0 |a politika verejná 
610 2 0 |a správa verejná 
610 2 0 |a inštitúcie verejnoprávne 
610 2 0 |a spolupráca medzinárodná 
610 2 0 |a modely 
610 2 0 |a analýzy 
610 2 0 |a rozhodovanie 
610 2 0 |a konvergencia 
100 1 |a Knill, Christoph 
700 1 |a Tosun, Jale